000 00730nam a2200289Ia 4500
005 20260324150756.0
008 008 260324s9999 xx 000 0 eng d
020 _a9781315723587
037 _aEBOOK
040 _aCRL
040 _beng
040 _cCRL
041 _2eng
041 _aeng
084 _qCRL
100 _aH.G. Baynes
_91227346
245 0 _aMythology of the Soul (Psychology Revivals)
245 2 _bA Research into the Unconscious from Schizophrenic Dreams and Drawings
260 _bTaylor and Francis
260 _c1940
365 _a
365 _b420
856 _uhttp://www.taylorfrancis.com/books/9781315723587
942 _cEBOOK
999 _c1837641
_d1837641